00427 2200169 4500001002100000005001500021035002000036245003700056100001900093250001700112300003200129260003400161082000800195084001400203020002200217650001800239INLIS00000000000112720250717060456 a0010-07250000331 aDaur Hidup Hiu /cAbbik Tyastama0 aAbbik Tyastama aCetakan ke-1 aii, 22 hlm :bIlus ;c26 cm aSolo :bTiga Serangkai,c2019 a500 a500 ABB d a978-623-206-271-9 4aNonfiksi Anak